| 000 | 00507nam a2200181Ia 4500 | ||
|---|---|---|---|
| 999 |
_c13777 _d13777 |
||
| 003 | OSt | ||
| 005 | 20201113093326.0 | ||
| 008 | 190216s9999||||xx |||||||||||||| ||und|| | ||
| 020 | _a8170963133 | ||
| 040 | _coclc | ||
| 082 |
_a820 _bABR/H |
||
| 100 |
_a Abraham, Jacob _96322 |
||
| 245 | 0 |
_aA Handbook Of Literary Terms / _cJacob Abraham |
|
| 260 |
_bKalyani Pub, _c1992. _aNew delhi: |
||
| 300 | _a147p | ||
| 650 | _aEnglish Literature | ||
| 942 |
_cBK _2ddc _h820 _iABR/H _k820 _mABR/H |
||